100 questions and answers about bipolar (manic-depressive) disorder / (Record no. 887)

MARC details
000 -LEADER
fixed length control field 00874cam a2200277 a 4500
005 - DATE AND TIME OF LATEST TRANSACTION
control field 20260322212038.0
008 - FIXED-LENGTH DATA ELEMENTS--GENERAL INFORMATION
fixed length control field data
010 ## - LIBRARY OF CONGRESS CONTROL NUMBER
LC control number 2006028729
020 ## - INTERNATIONAL STANDARD BOOK NUMBER
International Standard Book Number 0763732311
020 ## - INTERNATIONAL STANDARD BOOK NUMBER
International Standard Book Number 9780763732318
020 ## - INTERNATIONAL STANDARD BOOK NUMBER
International Standard Book Number 9780763764883 (electronic)
040 ## - CATALOGING SOURCE
Original cataloging agency DLC
Transcribing agency DLC
Modifying agency DLC
-- BAKER
-- YDXCP
-- DLC
050 00 - LIBRARY OF CONGRESS CALL NUMBER
Classification number RC516
Item number .A37 2007
082 00 - DEWEY DECIMAL CLASSIFICATION NUMBER
Classification number 616.89/5
Edition information 22
092 ## - LOCALLY ASSIGNED DEWEY CALL NUMBER (OCLC)
Classification number 616.89 A37 2007
001 - CONTROL NUMBER
control field data
100 1# - MAIN ENTRY--PERSONAL NAME
Personal name Albrecht, Ava T.
245 10 - TITLE STATEMENT
Title 100 questions and answers about bipolar (manic-depressive) disorder /
Statement of responsibility, etc. Ava T. Albrecht & Charles Herrick.
246 3# - VARYING FORM OF TITLE
Title proper/short title One hundred questions and answers about bipolar (manic depressive) disorder
250 ## - EDITION STATEMENT
Edition statement 1st
260 ## - PUBLICATION, DISTRIBUTION, ETC.
Place of publication, distribution, etc. Sudbury, Mass. :
Name of publisher, distributor, etc. Jones and Bartlett,
Date of publication, distribution, etc. c2007.
300 ## - PHYSICAL DESCRIPTION
Extent x, 256 p. ;
Dimensions 23 cm.
500 ## - GENERAL NOTE
General note Includes index.
650 #0 - SUBJECT ADDED ENTRY--TOPICAL TERM
Topical term or geographic name entry element Manic-depressive illness
Form subdivision Popular works.
700 1# - ADDED ENTRY--PERSONAL NAME
Personal name Herrick, Charles.
Holdings
Withdrawn status Lost status Damaged status Not for loan Home library Current library Shelving location Date acquired Total checkouts Full call number Barcode Date last seen Price effective from Koha item type
        Franklin Franklin General stacks 22/03/2026   616.89/5 22 BC0010914 22/03/2026 22/03/2026 Books